Bound by love

Bibliographic Details
Main Author: Lanigan, Catherine
Format: Book
Published: New York : Severn House Publishers
Subjects:

MARC

LEADER 00000cam a2200000 7i4500
001 0000003914
002 000004215
005 20000330.0
020 |a 0727817280 
090 0 0 |a F   |b LAN 
100 1 |a Lanigan, Catherine 
245 1 0 |a Bound by love   |c Catherine Lanigan 
260 |a New York :   |b Severn House Publishers 
300 |a 390p. ;   |c 22cm. 
650 0 0 |a Romance fiction 
999 |a 030482   |b BUKU   |c FICTION   |e PERPUSTAKAAN KOMUNITI PETALING JAYA